000 00678nam a22002177a 4500
003 BUBTL
008 201105b xxu||||| |||| 00| 0 eng d
020 _a0-321-49875-5
082 _a515/THC
100 _aThomas, George B.
_93710
245 _aCalculus
_bGeorge B. Thomas, Maurice D. Weir and Joel Hass and Frank R. Giordano
250 _a11th
260 _aNew York
_bPearson
_cc2008
300 _a[xvi] , 847p . :
_bill . ; 25cm.
500 _aIncludes Index
650 _aMathematics
_93711
700 _aGeorge B. Thomas, Maurice D. Weir and Joel Hass and Frank R. Giordano
_93712
856 _k0
_l0
_yDownload
942 _2ddc
_cBK
999 _c6409
_d6409